[Event "Tourn. n8318"]
[Site "www.chess-mail.com"]
[Date "2015.08.18"]
[Round "1"]
[White "Roserl"]
[Black "Libiesse"]
[WhiteElo "1900"]
[BlackElo "2020"]
[Result "0-1"]
[Round "1"]
1.e4 c5
2.Ng1f3 e6
3.d4 cxd4
4.Nf3xd4 Ng8f6
5.Nb1c3 Nb8c6
6.a3 d5
7.exd5 Nf6xd5
8.Nc3xd5 Qd8xd5
9.Bc1e3 Bf8e7
10.Bf1b5 Qd5xg2
11.Rh1f1 Bc8d7
12.Qd1d2 Ra8d8
13.O-O-O Nc6xd4
14.Bb5xd7 Rd8xd7
15.Be3xd4 e5
16.Rf1g1 Qg2c6
17.Rg1xg7 Rd7xd4
{ resign }
0-1

[Event "Tourn. n8322"]
[Site "www.chess-mail.com"]
[Date "2015.08.18"]
[Round "1"]
[White "Odin"]
[Black "Xkafi"]
[WhiteElo "1890"]
[BlackElo "1960"]
[Result "0-1"]
[Round "1"]
1.e4 e5
2.d4 exd4
3.Qd1xd4 Nb8c6
4.Qd4d1 Bf8c5
5.Ng1f3 h6
6.Bf1c4 d6
7.O-O Bc8g4
8.h3 Bg4h5
9.Qd1d5 Ng8f6
10.Qd5d3 O-O
11.Nf3h4 Nc6e5
12.Qd3b3 Nf6xe4
13.Bc4d5 Qd8xh4
14.Bd5xe4 Qh4xe4
15.Nb1d2 Qe4g6
16.Kh1 Bh5e2
17.Rf1g1 Bc5xf2
18.Qb3xb7 c6
19.Nd2b3 Ne5f3
20.Qb7xc6 Nf3xg1
21.Bc1f4 Ng1xh3
22.gxh3 Qg6h5
23.Kg2 Bf2h4
24.Nb3d4 Qh5g6
25.Kh2 Be2h5
26.Ra1g1 Bh4g5
27.Bf4xg5 hxg5
28.Qc6g2 Ra8c8
29.c3 Rf8e8
30.Qg2xg5 Rc8b8
31.Nd4f5 Rb8xb2
32.Qg5g2 Rb2xg2
33.Rg1xg2 Qg6xf5
{ resign }
0-1

[Event "Tourn. n8303"]
[Site "www.chess-mail.com"]
[Date "2015.08.18"]
[Round "1"]
[White "Comrade"]
[Black "Guidom"]
[WhiteElo "2090"]
[BlackElo "2070"]
[Result "1-0"]
[Round "1"]
1.c4 c5
2.Nb1c3 Ng8f6
3.g3 Nb8c6
4.Bf1g2 d6
5.Ng1f3 e5
6.d3 Bf8e7
7.O-O Bc8g4
8.h3 Bg4h5
9.Nf3h4 O-O
10.Nh4f5 Bh5g6
11.Nf5e3 a6
12.Nc3d5 Nf6xd5
13.Bg2xd5 Qd8d7
14.Kg2 Nc6b4
15.a3 Nb4xd5
16.Ne3xd5 Be7d8
17.b4 e4
18.bxc5 dxc5
19.Bc1e3 b6
20.Ra1b1 Ra8b8
21.Be3xc5 Rf8e8
22.Bc5xb6 exd3
23.exd3 Bd8xb6
24.Nd5xb6 Rb8xb6
25.Rb1xb6 Bg6xd3
26.Rf1e1 Re8d8
27.c5 h6
28.Rb6d6 Qd7b7
29.c6 Qb7c7
30.Qd1xd3 Qc7xd6
31.Qd3xd6 Rd8xd6
32.Re1e8 Kh7
33.c7 { resign }
1-0

[Event "Tourn. n8350"]
[Site "www.chess-mail.com"]
[Date "2015.08.18"]
[Round "1"]
[White "Jhw"]
[Black "Panamski"]
[WhiteElo "2039"]
[BlackElo "2080"]
[Result "0-1"]
[Round "1"]
1.e4 c6
2.b3 e5
3.Bf1c4 Ng8f6
4.Qd1f3 d5
5.exd5 cxd5
6.Bc4b5 Bc8d7
7.Bb5xd7 Nb8xd7
8.Qf3d3 Bf8e7
9.Bc1b2 O-O
10.Ng1e2 e4
11.Qd3b5 a6
12.Qb5xb7 Nd7c5
13.Qb7xa8 Qd8xa8
14.Ne2d4 Nc5e6
15.Nd4xe6 fxe6
16.O-O Qa8b8
17.Rf1e1 Be7d6
18.g3 Nf6g4
19.f3 exf3
{ resign }
0-1

[Event "Tourn. n8341"]
[Site "www.chess-mail.com"]
[Date "2015.08.18"]
[Round "1"]
[White "Hansen"]
[Black "Gatrooper"]
[WhiteElo "1510"]
[BlackElo "1470"]
[Result "1-0"]
[Round "1"]
1.e4 e5
2.a3 a6
3.Ng1f3 Nb8c6
4.b4 h6
5.b5 axb5
6.Bf1xb5 Ng8f6
7.d3 Nc6a7
8.a4 Na7xb5
9.Nf3xe5 Nb5a7
10.c3 d6
11.Ne5c4 Bc8e6
12.Nc4e3 Na7c6
13.h3 Nc6e5
14.f4 Ne5c6
15.f5 Be6d7
16.d4 Nf6xe4
17.Rh1f1 Ne4g3
18.Rf1f3 Qd8h4
19.Ne3d5 Ng3e4
20.Kf1 Ne4g3
21.Kg1 O-O-O
22.Bc1f4 Ng3e4
23.a5 Bd7xf5
24.a6 bxa6
25.Ra1xa6 Kd7
26.Nd5e3 Qh4h5
27.Qd1a4 Ke7
28.Qa4xc6 Qh5h4
29.Qc6xc7 Rd8d7
30.Ne3xf5 Ke6
31.Qc7c4 Kxf5
32.Bf4g3 Kg6
33.Bg3xh4 Kh7
34.Rf3xf7 Rd7xf7
35.Qc4xf7 Rh8g8
36.c4 d5
37.cxd5 Ne4d6
38.Qf7f4 Kh8
39.Nb1c3 Nd6c4
40.Nc3b5 Bf8c5
41.dxc5 Nc4b2
42.Qf4e5 Nb2d3
43.Ra6xh6 { resign }
1-0

[Event "Tourn. n8327"]
[Site "www.chess-mail.com"]
[Date "2015.08.18"]
[Round "1"]
[White "Mitja"]
[Black "Fred"]
[WhiteElo "1840"]
[BlackElo "2030"]
[Result "1-0"]
[Round "1"]
1.d4 e6
2.e3 Bf8b4
3.c3 Bb4a5
4.Nb1a3 Ng8f6
5.Ng1f3 O-O
6.Bf1d3 d5
7.Qd1c2 h6
8.O-O a6
9.Nf3e5 c6
10.h3 Ba5c7
11.Ne5f3 Nb8d7
12.b4 Qd8e7
13.Bc1b2 Nf6e4
14.Bd3xe4 dxe4
15.Qc2xe4 f5
16.Qe4d3 Nd7f6
17.Ra1d1 b5
18.Na3c2 Bc8b7
19.a3 Ra8d8
20.Nf3h4 Nf6g4
21.g3 Ng4f6
22.Nh4g6 Qe7f7
23.Ng6xf8 Rd8xf8
24.c4 Qf7g6
25.Kh2 Nf6e4
26.Qd3e2 Bc7xg3
27.fxg3 Qg6xg3
28.Kh1 c5
29.d5 bxc4
30.Qe2g2 Bb7xd5
31.Rd1xd5 exd5
32.Rf1g1 Ne4f2
33.Qg2xf2 Qg3xf2
34.Rg1xg7 Kh8
35.Rg7g2 c3
36.Bb2xc3 d4
37.Bc3xd4 cxd4
38.Rg2xf2 d3
39.Nc2e1 Rf8e8
40.Ne1g2 Re8e5
41.Rf2d2 Re5d5
42.Ng2f4 Rd5e5
43.Rd2xd3 Kg7
44.Kg2 Kf6
45.Kf3 Re5e4
46.Rd3d4 Re4xd4
47.exd4 Ke7
48.h4 Kd6
49.Ke3 Kc6
50.d5 { resign }
1-0

[Event "Match"]
[Site "www.echecsemail.com"]
[Date "2015.08.18"]
[Round "1"]
[White "Wwgia"]
[Black "Gmscalpel"]
[WhiteElo "2040"]
[BlackElo "1809"]
[Result "0-1"]
[Round "1"]
1.d4 Ng8f6
2.c4 g6
3.Nb1c3 Bf8g7
4.e4 d6
5.Ng1f3 O-O
6.Bf1e2 e5
7.O-O Nb8c6
8.d5 Nc6e7
9.Nf3e1 Nf6d7
10.Bc1e3 f5
11.f3 f4
12.Be3f2 g5
13.b4 a5
14.a3 Nd7f6
15.c5 g4
16.cxd6 cxd6
17.Nc3b5 Ne7g6
18.Ra1c1 axb4
19.axb4 g3
20.hxg3 fxg3
21.Bf2xg3 Nf6h5
22.Bg3f2 Ng6f4
23.Nb5c7 Qd8g5
24.g4 Bc8xg4
25.fxg4 Nf4h3
{ resign }
0-1

[Event "Match"]
[Site "www.echecsemail.com"]
[Date "2015.08.18"]
[Round "1"]
[White "Chtoubidou"]
[Black "Pinehill"]
[WhiteElo "1870"]
[BlackElo "1820"]
[Result "1-0"]
[Round "1"]
1.e4 d5
2.exd5 Ng8f6
3.Bf1b5 Bc8d7
4.Bb5e2 Bd7f5
5.d4 Nf6xd5
6.Nb1c3 Nd5b4
7.g4 Nb4xc2
8.Kf1 Bf5e4
9.f3 Nc2xa1
10.fxe4 Nb8c6
11.Bc1e3 e6
12.Qd1xa1 Nc6xd4
13.Ng1f3 Nd4xe2
14.Kxe2 c6
15.Rh1d1 Qd8a5
16.Qa1c1 Bf8b4
17.Be3d4 O-O
18.Qc1g5 f6
19.Qg5h5 e5
20.Bd4e3 Bb4xc3
21.bxc3 Qa5xa2
22.Rd1d2 Qa2a1
23.g5 Ra8d8
24.gxf6 Rd8xd2
25.Be3xd2 Rf8xf6
26.Qh5e8 Rf6f8
27.Qe8e6 Kh8
28.Qe6e7 Rf8g8
29.Nf3xe5 { resign }
1-0

[Event "Match"]
[Site "www.echecsemail.com"]
[Date "2015.08.18"]
[Round "1"]
[White "Castletyme"]
[Black "Ericleo1980"]
[WhiteElo "1890"]
[BlackElo "1809"]
[Result "0-1"]
[Round "1"]
1.e4 c5
2.Ng1f3 d6
3.Bf1b5 Bc8d7
4.Bb5xd7 Nb8xd7
5.d3 b5
6.c3 Ng8f6
7.O-O e6
8.Nb1d2 Bf8e7
9.Rf1e1 Qd8c7
10.Nd2f1 O-O
11.Nf1g3 h6
12.d4 cxd4
13.Nf3xd4 a6
14.f3 Rf8c8
15.Nd4e2 Nd7e5
16.Ne2f4 Ne5c4
17.Ra1b1 Rc8d8
18.Ng3e2 d5
19.exd5 Nf6xd5
20.Nf4xd5 Rd8xd5
21.Qd1c2 Be7d6
22.g3 Bd6c5
23.Kg2 Ra8d8
24.Ne2f4 Rd5d2
{ resign }
0-1

[Event "Match"]
[Site "www.echecsemail.com"]
[Date "2015.08.18"]
[Round "1"]
[White "Cristiano"]
[Black "Jhw"]
[WhiteElo "1980"]
[BlackElo "2329"]
[Result "1-0"]
[Round "1"]
1.e4 Ng8f6
2.e5 Nf6d5
3.d4 c6
4.c4 Nd5b4
5.Bc1d2 a5
6.a3 Nb4a6
7.h3 d6
8.Ng1f3 h6
9.Nb1c3 dxe5
10.dxe5 g6
11.Bf1e2 Bf8g7
12.Bd2e3 Qd8xd1
13.Ra1xd1 Nb8d7
14.Be3f4 Na6c5
15.O-O g5
16.Bf4g3 f6
17.exf6 Nd7xf6
18.Nf3e5 Nf6e4
19.Be2h5 { resign }
1-0

[Event "Match"]
[Site "www.echecsemail.com"]
[Date "2015.08.18"]
[Round "1"]
[White "Pinehill"]
[Black "Bojan"]
[WhiteElo "1960"]
[BlackElo "1930"]
[Result "0-1"]
[Round "1"]
1.e4 e5
2.d4 d6
3.Ng1f3 exd4
4.Nf3xd4 Bc8d7
5.Nb1c3 Nb8c6
6.Bc1e3 h6
7.Qd1d2 a6
8.O-O-O Nc6e5
9.Bf1e2 Ng8e7
10.h3 Ne7c6
11.Nd4xc6 Bd7xc6
12.f4 Ne5d7
13.g4 Bf8e7
14.g5 hxg5
15.fxg5 Nd7c5
16.Be3xc5 dxc5
17.Qd2f4 Bc6d7
18.Nc3d5 Be7xg5
19.Nd5xc7 Kf8
{ resign }
0-1

[Event "Match"]
[Site "www.echecsemail.com"]
[Date "2015.08.18"]
[Round "1"]
[White "Culiflori"]
[Black "Hundegana"]
[WhiteElo "1900"]
[BlackElo "1990"]
[Result "1-0"]
[Round "1"]
1.e4 c5
2.Ng1f3 Nb8c6
3.d4 cxd4
4.Nf3xd4 Nc6xd4
5.Qd1xd4 Qd8a5
6.Bc1d2 Qa5b6
7.Bd2c3 Qb6xd4
8.Bc3xd4 d6
9.Bf1b5 Bc8d7
10.Bb5xd7 Kxd7
11.Nb1c3 Ra8c8
12.O-O-O Ng8h6
13.e5 e6
14.exd6 Nh6f5
15.Bd4e5 f6
16.Be5g3 Nf5xg3
17.hxg3 a6
18.Rd1d3 g5
19.Nc3e4 Bf8g7
20.Rd3b3 b5
21.a4 Rc8a8
22.Rh1d1 h6
23.axb5 axb5
24.Rb3xb5 f5
25.Rb5b7 Kc6
26.Rb7xg7 Ra8a1
27.Kd2 Ra1xd1
28.Kxd1 fxe4
29.d7 Kd6
30.Ke2 Kd5
31.Ke3 e5
32.Rg7e7 Rh8d8
33.b3 Kd6
34.Re7h7 g4
35.Kxe4 Rd8xd7
36.Rh7xd7 Kxd7
37.Kxe5 Kc6
38.Kf5 Kb5
39.Kxg4 Kb4
40.f4 Kc3
41.f5 Kxc2
42.f6 Kxb3
43.f7 Kc3
44.f8Q h5
45.Kxh5 { resign }
1-0

[Event "1/16 Finale"]
[Site "www.chess-mail.com"]
[Date "2015.08.18"]
[Round "1"]
[White "Ostapbender"]
[Black "Szustan"]
[WhiteElo "2670"]
[BlackElo "2590"]
[Result "1-0"]
[Round "1"]
1.e4 e5
2.Ng1f3 Nb8c6
3.Bf1b5 a6
4.Bb5a4 Ng8f6
5.O-O Nf6xe4
6.d4 b5
7.Ba4b3 d5
8.dxe5 Bc8e6
9.Nb1d2 Ne4c5
10.c3 d4
11.Bb3xe6 Nc5xe6
12.cxd4 Nc6xd4
13.a4 c5
14.Nf3xd4 cxd4
15.f4 Bf8b4
16.f5 Ne6c5
17.Qd1g4 O-O
18.Nd2f3 f6
19.axb5 axb5
20.Bc1h6 Qd8e7
21.Nf3xd4 Nc5d3
22.Ra1xa8 Rf8xa8
23.Qg4f3 Qe7a7
24.Qf3xd3 fxe5
25.Qd3b3 Kh8
26.Qb3xb4 gxh6
27.Qb4xb5 Qa7xd4
28.Kh1 Ra8g8
29.Qb5c6 Qd4xb2
30.Qc6f6 Rg8g7
31.Rf1g1 h5
32.h3 Qb2b7
33.Qf6xe5 Qb7e7
34.Qe5b8 Rg7g8
35.Qb8b2 Qe7g7
36.f6 Qg7f7
37.Rg1d1 Rg8f8
38.Rd1d6 Kg8
39.Qb2e5 Qf7g6
40.Qe5d5 Kh8
41.Kg1 Qg6g3
42.Qd5d4 h4
43.Kf1 Qg3g6
44.Rd6d8 Qg6b1
45.Kf2 Qb1c2
46.Kg1 Qc2c1
47.Kh2 Qc1c7
48.Rd8d6 Rf8f7
49.Qd4e5 h6
50.Qe5f4 Kh7
51.Kh1 Qc7c2
52.Qf4xh4 Qc2f5
53.Rd6b6 h5
54.Kh2 Kg6
55.Qh4g3 Kh7
56.h4 Kh6
57.Qg3e3 Kh7
58.Qe3e2 Qf5f4
59.g3 Qf4g4
60.Qe2xg4 hxg4
61.Rb6b4 Rf7xf6
62.Rb4xg4 { resign }
1-0

[Event "Fast Game"]
[Site "www.echecsemail.com"]
[Date "2015.08.18"]
[Round "1"]
[White "Katze"]
[Black "Mitja"]
[WhiteElo "1599"]
[BlackElo "1630"]
[Result "0-1"]
[Round "1"]
1.Ng1f3 d5
2.c4 dxc4
3.Nb1a3 e6
4.Na3xc4 c6
5.d4 h6
6.e4 Ng8f6
7.Bf1d3 Bf8b4
8.Bc1d2 Bb4xd2
9.Qd1xd2 Nb8d7
10.O-O O-O
11.e5 Nf6d5
12.Nc4d6 f5
13.Bd3c4 Nd7b6
14.Bc4b3 Nd5c7
15.a4 Nc7e8
16.a5 Nb6d5
17.Nd6xe8 { time. }
0-1

[Event "Fast Game"]
[Site "www.echecsemail.com"]
[Date "2015.08.18"]
[Round "1"]
[White "Jhw"]
[Black "Fkarpov"]
[WhiteElo "1969"]
[BlackElo "1840"]
[Result "0-1"]
[Round "1"]
1.c4 g5
2.e3 Ng8f6
3.Nb1c3 Bf8g7
4.d4 O-O
5.b3 c5
6.Ra1b1 Nb8a6
7.d5 Qd8a5
8.Bc1d2 d6
9.Qd1c2 Na6b4
10.Qc2c1 Bc8f5
11.Rb1b2 Nf6e4
12.a4 Ne4xc3
13.Bd2xc3 Nb4d3
14.Bf1xd3 Qa5xc3
15.Qc1d2 Bf5xd3
16.Ng1e2 Qc3xb2
17.Qd2xd3 Qb2a1
{ resign }
0-1

[Event "Tourn. n8309"]
[Site "www.chess-mail.com"]
[Date "2015.08.19"]
[Round "1"]
[White "Bjonil60"]
[Black "Gatrooper"]
[WhiteElo "1190"]
[BlackElo "1460"]
[Result "0-1"]
[Round "1"]
1.Ng1f3 Nb8c6
2.c3 Ng8f6
3.d3 d5
4.d4 Nf6e4
5.Nb1d2 Bc8g4
6.Nf3e5 Nc6xe5
7.dxe5 e6
8.h3 Ne4xd2
9.Qd1xd2 Bg4h5
10.g4 Bh5g6
11.e3 a6
12.a3 h6
13.Bf1e2 Bg6e4
14.Rh1g1 Bf8e7
15.b3 c6
16.b4 Be7h4
17.c4 Qd8c7
18.Kf1 Qc7xe5
19.Ra1b1 Be4xb1
20.c5 Qe5h2
21.Be2f3 Bb1d3
22.Ke1 Qh2xg1

0-1

[Event "Tourn. n8323"]
[Site "www.chess-mail.com"]
[Date "2015.08.19"]
[Round "1"]
[White "Neo"]
[Black "Zazi"]
[WhiteElo "1780"]
[BlackElo "1770"]
[Result "1-0"]
[Round "1"]
1.d4 d5
2.e3 h5
3.g3 b6
4.Bf1g2 Bc8b7
5.Ng1f3 e6
6.Nf3e5 f6
7.Ne5g6 Rh8h7
8.O-O Bf8b4
9.c3 Bb4d6
10.Nb1d2 Bb7a6
11.Rf1e1 Nb8c6
12.b4 e5
13.dxe5 Bd6xe5
14.Ng6xe5 Nc6xe5
15.Nd2b3 Ra8c8
16.Nb3d4 Qd8d7
17.a4 Ba6c4
18.Qd1c2 g6
19.Nd4b5 Ne5d3
20.Re1d1 Qd7f5
21.Nb5xa7 Rc8d8
22.Na7c6 Rd8d7
23.Nc6d4 Qf5g4
24.Bc1a3 Ng8e7
25.b5 Ne7f5
26.Nd4xf5 gxf5
27.Rd1d2 f4
28.exf4 Kd8
29.Bg2f1 Nd3xf4
30.Bf1xc4 Nf4h3
31.Kf1 Qg4xc4
32.Kg2 Qc4g4
33.Rd2d4 Qg4e6
34.Rd4h4 Nh3g5
35.Qc2d3 Kc8
36.Qd3d4 Ng5e4
37.Ra1e1 f5
38.Ba3c1 Qe6e7
39.Bc1f4 Rh7g7
40.Rh4xh5 Qe7f7
41.Rh5h8 Kb7
42.Bf4e5 Rg7g6
43.a5 bxa5
44.Re1a1 Qf7e7
45.Ra1xa5 c5
46.Rh8b8 
1-0

[Event "Match"]
[Site "www.echecsemail.com"]
[Date "2015.08.19"]
[Round "1"]
[White "Chapi"]
[Black "Stevo100"]
[WhiteElo "2080"]
[BlackElo "1870"]
[Result "1-0"]
[Round "1"]
1.d4 Ng8f6
2.c4 e6
3.Nb1c3 Bf8b4
4.Ng1f3 Bb4xc3
5.bxc3 b6
6.Bc1g5 h6
7.Bg5h4 Bc8b7
8.e3 d6
9.Bf1d3 Nb8d7
10.O-O g5
11.Bh4g3 Qd8e7
12.a4 Nf6e4
13.Bd3xe4 Bb7xe4
14.Nf3d2 Be4b7
15.a5 h5
16.f3 h4
17.Bg3e1 f5
18.Nd2b3 O-O-O
19.axb6 axb6
20.Ra1a7 h3
21.g3 f4
22.e4 fxg3
23.Be1xg3 Nd7f6
24.Qd1b1 c5
25.Qb1a2 Kc7
26.Qa2a6 Rd8b8
27.dxc5 Kc8
28.Qa6xb6 Nf6d7
29.Qb6xd6 Qe7xd6
30.Bg3xd6 Rb8a8
31.Ra7xa8 Bb7xa8
32.Rf1a1 Ba8b7
33.Nb3a5 Nd7b8
34.Ra1b1 Rh8h7
35.Bd6xb8 { resign }
1-0

[Event "Match"]
[Site "www.echecsemail.com"]
[Date "2015.08.19"]
[Round "1"]
[White "Bibliophile"]
[Black "Peck"]
[WhiteElo "1499"]
[BlackElo "1500"]
[Result "1-0"]
[Round "1"]
1.Nb1c3 b6
2.Nc3d5 e6
3.Nd5f4 g5
4.Nf4h5 Ng8f6
5.Nh5xf6 Qd8xf6
6.e3 Bc8b7
7.Bf1b5 c6
8.Bb5c4 b5
9.Bc4d3 c5
10.Bd3xb5 Bb7xg2
11.d4 Bg2xh1
12.dxc5 g4
13.a4 Bh1f3
14.Qd1d2 Bf8xc5
15.Ra1a3 Bc5xa3
16.bxa3 Qf6a1
17.Ng1xf3 gxf3
18.Bb5d3 O-O
19.Bd3e4 Rf8c8
20.Be4xa8 Qa1a2
21.Ba8b7 Rc8xc2
22.Bb7e4 Rc2xd2
23.Bc1xd2 Qa2xa3
24.Be4xf3 Nb8a6
25.Bf3e2 Na6b4
26.Be2b5 Nb4c2
27.Ke2 Qa3a2
28.Bb5xd7 Qa2c4
29.Kf3 Qc4d3
30.Bd2b4 Qd3xd7
31.Bb4c5 Qd7xa4
32.h4 Qa4c6
33.Ke2 Qc6xc5
34.Kd3 a5
35.h5 a4
36.f4 Nc2xe3
37.h6 Qc5c3
38.Kxc3 e5
39.fxe5 f5
40.Kb2 Ne3d1
41.Ka3 Nd1e3
42.Kxa4 Ne3d5
43.e6 Nd5b6
44.Kb5 Nb6d7
45.exd7 Kf8
46.d8Q Kf7
47.Qd8d5 Kf6
48.Qd5g8 f4
49.Qg8xh7 f3
50.Qh7c2 f2
51.Qc2xf2 Ke5
52.h7 Ke4
53.h8Q Kd3
54.Qh8d8 Kc3
55.Qf2e3 Kc2
56.Qd8d3 Kb2
57.Qd3c3 Kb1
58.Qe3c1 Ka2
59.Qc3b2 
1-0

[Event "Match"]
[Site "www.echecsemail.com"]
[Date "2015.08.19"]
[Round "1"]
[White "Castletyme"]
[Black "Generalfree"]
[WhiteElo "1840"]
[BlackElo "1860"]
[Result "1-0"]
[Round "1"]
1.e4 e5
2.Ng1f3 Ng8f6
3.d3 Qd8e7
4.Nb1c3 c6
5.Nc3e2 d5
6.exd5 cxd5
7.Ne2g3 Bc8g4
8.Bf1e2 Nb8c6
9.O-O O-O-O
10.Nf3d2 Bg4xe2
11.Ng3xe2 { resign }
1-0

[Event "Match"]
[Site "www.echecsemail.com"]
[Date "2015.08.19"]
[Round "1"]
[White "Raulazo"]
[Black "Canario"]
[WhiteElo "1980"]
[BlackElo "1750"]
[Result "0-1"]
[Round "1"]
1.e4 e5
2.Ng1f3 Nb8c6
3.Bf1c4 h6
4.O-O Bf8c5
5.c3 a6
6.Nf3e1 Ng8f6
7.Qd1b3 Qd8e7
8.Ne1d3 Nf6xe4
9.Qb3d1 Bc5a7
10.Qd1f3 Ne4f6
11.Rf1e1 d6
12.Qf3g3 Nf6g4
13.h3 Ng4f6
14.Qg3xg7 Rh8g8
15.Qg7xh6 Nf6e4
16.Qh6h7 Ne4f6
17.Qh7h6 Qe7f8
18.Qh6xf6 Bc8xh3
19.g3 Rg8xg3
20.Kh2 Rg3g6
21.Kxh3 Rg6xf6
22.Kg2 Qf8g7
23.Kf1 Rf6h6
24.Ke2 Qg7g4
25.f3 Rh6h2
26.Kd1 Qg4xc4
27.Kc2 Nc6d4
28.Kd1 Qc4xd3
29.cxd4 Ba7xd4
30.a4 Qd3b3
{ resign }
0-1

[Event "Match"]
[Site "www.echecsemail.com"]
[Date "2015.08.19"]
[Round "1"]
[White "Billyg"]
[Black "Raulazo"]
[WhiteElo "1590"]
[BlackElo "1980"]
[Result "0-1"]
[Round "1"]
1.e4 e5
2.Ng1f3 Nb8c6
3.Bf1b5 Nc6d4
4.Nf3xd4 exd4
5.d3 Ng8f6
6.e5 Qd8e7
7.O-O Nf6d5
8.Rf1e1 c6
9.Bb5a4 g6
10.c4 Nd5c7
11.Nb1d2 Bf8g7
12.Nd2f3 c5
13.Bc1f4 O-O
14.Bf4g5 Qe7e6
15.Qd1d2 Nc7e8
16.b4 f6
17.exf6 Bg7xf6
18.Re1xe6 dxe6
19.Bg5xf6 Ne8xf6
20.Qd2h6 Nf6g4
21.Qh6g5 e5
22.bxc5 Bc8f5
23.c6 bxc6
24.Ba4xc6 Ra8c8
25.Nf3xe5 Ng4xe5
26.Bc6e4 Rc8b8
27.Ra1e1 Bf5xe4
28.Re1xe4 Rb8b1
{ resign }
0-1

[Event "Match"]
[Site "www.echecsemail.com"]
[Date "2015.08.19"]
[Round "1"]
[White "Billyg"]
[Black "Pinehill"]
[WhiteElo "1590"]
[BlackElo "1870"]
[Result "1-0"]
[Round "1"]
1.e4 d5
2.Nb1c3 d4
3.Nc3e2 e5
4.a3 Ng8f6
5.d3 Nb8c6
6.Bc1g5 Bf8e7
7.Bg5xf6 Be7xf6
8.Qd1d2 O-O
9.h3 Nc6e7
10.g4 c5
11.c3 Ne7g6
12.cxd4 cxd4
13.f4 Bc8d7
14.g5 Bf6e7
15.fxe5 Be7xg5
16.Qd2b4 Bg5e3
17.Ne2xd4 Be3xd4
18.Qb4xd4 Qd8h4
19.Qd4f2 Ng6xe5
20.Qf2xh4 Bd7b5
21.O-O-O Ra8c8
22.Kb1 Rf8d8
23.d4 Bb5xf1
24.Rd1xf1 Rd8xd4
25.Qh4f4 f6
26.Qf4f5 Rc8c4
27.Rf1c1 Rc4xc1
28.Kxc1 Ne5d3
29.Kb1 { resign }
1-0

[Event "1/64 Finale"]
[Site "www.chess-mail.com"]
[Date "2015.08.19"]
[Round "1"]
[White "Generalfree"]
[Black "Derfel83"]
[WhiteElo "1900"]
[BlackElo "1960"]
[Result "0-1"]
[Round "1"]
1.d4 Ng8f6
2.Bc1f4 d5
3.c4 e6
4.cxd5 Nf6xd5
5.Bf4d2 Bc8d7
6.Nb1c3 Bf8d6
7.Nc3xd5 exd5
8.g3 O-O
9.Bf1g2 c6
10.b4 Qd8b6
11.a3 Qb6xd4
12.e3 Qd4f6
13.f4 Rf8e8
{ resign }
0-1

[Event "Tourn. n8094"]
[Site "www.chess-mail.com"]
[Date "2015.08.20"]
[Round "1"]
[White "Manolinex"]
[Black "E4player"]
[WhiteElo "2730"]
[BlackElo "2470"]
[Result "1-0"]
[Round "1"]
1.g3 d5
2.Bf1g2 e5
3.e3 Ng8f6
4.Ng1e2 c6
5.d4 e4
6.c4 Bf8d6
7.Nb1c3 O-O
8.O-O Bc8e6
9.f3 exf3
10.Bg2xf3 dxc4
11.e4 Bd6c7
12.Ne2f4 Bc7b6
13.Bc1e3 Qd8d7
14.Nf4xe6 Qd7xe6
15.Qd1e2 Nb8a6
16.a4 Bb6a5
17.e5 Nf6d5
18.Be3d2 Ra8d8
19.Ra1d1 Ba5b6
20.Nc3xd5 cxd5
21.Bd2c3 f6
22.a5 Bb6c7
23.Qe2g2 b5
24.exf6 Rf8xf6
25.Rd1e1 Qe6d6
26.Bf3g4 Rf6xf1
27.Qg2xf1 Rd8f8
28.Qf1g2 Qd6d8
29.Bg4e6 Kh8
30.Qg2xd5 b4
31.Bc3d2 Bc7xa5
32.Qd5xd8 Rf8xd8
33.Be6xc4 Na6c7
34.Bd2f4 Ba5b6
35.Kg2 h6
36.Bf4e5 Nc7d5
37.Kf3 Rd8f8
38.Ke4 Nd5f6
39.Kf5 Kh7
40.Bc4d3 g6
41.Ke6 Nf6g4
42.Re1e2 Ng4xe5
43.dxe5 Kg7
44.Ke7 Bb6c5
45.Kd7 Bc5b6
46.Bd3a6 Rf8f7
47.Kc6 Kf8
48.e6 Rf7e7
49.Ba6b5 Re7h7
50.Re2d2 Rh7g7
51.b3 Rg7h7
52.Bb5a6 Ke8
53.Ba6e2 Kf8
54.Kb5 Rh7c7
55.Kxb4 Ke7
56.Be2c4 Bb6c5
57.Ka4 Bc5g1
58.g4 Bg1e3
59.Rd2d1 Be3f4
60.h3 g5
61.Kb4 Bf4e5
62.Rd1f1 Be5f4
63.Kc3 Rc7c8
64.Kd4 a5
65.Rf1f2 Rc8d8
66.Ke4 Rd8f8
67.Rf2a2 Bf4c7
68.Kd5 Rf8c8
69.Kc6 Bc7d8
70.Kb7 Rc8c7
71.Kb8 Rc7c5
72.Ra2a1 Bd8c7
73.Kb7 Bc7f4
74.Ka6 Bf4c7
75.Ra1d1 Bc7d6
76.Rd1f1 Bd6f4
77.Kb6 Rc5c8
78.Kxa5 Rc8f8
79.Kb5 Rf8c8
80.Rf1a1 Bf4e3
81.Ra1d1 Rc8c5
82.Kb4 Rc5c7
83.Kc3 Be3f4
84.Kd4 Rc7a7
85.b4 Ra7c7
86.b5  { time }
1-0

[Event "Tourn. n8315"]
[Site "www.chess-mail.com"]
[Date "2015.08.20"]
[Round "1"]
[White "Orae"]
[Black "Xkafi"]
[WhiteElo "1969"]
[BlackElo "1960"]
[Result "0-1"]
[Round "1"]
1.e4 e5
2.Ng1f3 Qd8f6
3.Bf1c4 Bf8c5
4.d3 h6
5.Nb1c3 c6
6.Qd1e2 Ng8e7
7.Bc1e3 Bc5b4
8.O-O Ne7g6
9.Nc3d1 Ng6f4
10.Be3xf4 Qf6xf4
11.c3 Bb4c5
12.b4 Bc5b6
13.g3 Qf4g4
14.a4 a6
15.d4 d6
16.Nd1e3 Qg4h3
17.Nf3d2 exd4
18.Ne3g2 Bc8g4
19.Qe2d3 g5
20.a5 Bb6a7
21.cxd4 Nb8d7
22.Qd3b3 Ba7xd4
23.Bc4xf7 Kd8
24.Qb3d3 Bd4e5
25.Nd2c4 Be5xa1
26.Rf1xa1 Rh8h7
27.Nc4xd6 Kc7
28.f3 Nd7e5
29.Qd3e2 Bg4xf3
30.Qe2f1 Ne5g4
31.Qf1xf3 Qh3xh2
32.Kf1 Ra8f8
33.Ra1a2 Kxd6
34.Ra2d2 Kc7
35.Rd2d7 Kxd7
36.Qf3xg4 Kc7
37.Ng2e3 Rh7xf7
38.Ne3f5 Rf8d8
39.e5 Rd8d2
40.Ke1 Rd2b2
41.Nf5e3 Qh2h1
42.Ne3f1 Rf7xf1
{ resign }
0-1

[Event "Tourn. n8352"]
[Site "www.chess-mail.com"]
[Date "2015.08.20"]
[Round "1"]
[White "Szustan"]
[Black "Jhw"]
[WhiteElo "2740"]
[BlackElo "2380"]
[Result "1-0"]
[Round "1"]
1.e4 e5
2.Ng1f3 Ng8f6
3.d4 Nf6xe4
4.Bf1d3 exd4
5.Bd3xe4 d5
6.Be4d3 Bf8b4
7.c3 dxc3
8.Nb1xc3 d4
9.Nf3xd4 Qd8xd4
10.Bd3b5 { resign }
1-0

[Event "Tourn. n8351"]
[Site "www.chess-mail.com"]
[Date "2015.08.20"]
[Round "1"]
[White "Panamski"]
[Black "Heiserman"]
[WhiteElo "2080"]
[BlackElo "2250"]
[Result "1-0"]
[Round "1"]
1.c3 e5
2.g3 d5
3.Bf1g2 Bc8g4
4.Qd1b3 Ng8f6
5.Qb3xb7 Nb8d7
6.Bg2xd5 Ra8b8
7.Qb7c6 Nf6xd5
8.Qc6xd5 Bf8d6
9.Qd5e4 f5
10.Qe4g2 O-O
11.h4 f4
12.f3 Bg4e6
13.g4 Bd6e7
14.g5 Be6f5
15.d3 Nd7b6
16.Nb1d2 Nb6d5
17.Nd2c4 Be7d6
18.e4 Bf5xe4
19.dxe4 Nd5e3
20.Nc4xe3 fxe3
21.Bc1xe3 c5
22.Be3c1 Qd8b6
23.Qg2g4 Bd6e7
24.h5 c4
25.Qg4d7 Rb8b7
26.Qd7d5 Kh8
27.h6 { resign }
1-0

[Event "Tourn. n8330"]
[Site "www.chess-mail.com"]
[Date "2015.08.20"]
[Round "1"]
[White "Luban"]
[Black "Ulysse21"]
[WhiteElo "2090"]
[BlackElo "2260"]
[Result "0-1"]
[Round "1"]
1.d4 Ng8f6
2.c4 e6
3.a3 d5
4.e3 c6
5.Ng1f3 Nb8d7
6.Nb1c3 Bf8d6
7.cxd5 exd5
8.h3 O-O
9.Bf1d3 Rf8e8
10.O-O Nf6e4
11.Qd1c2 Nd7f6
12.b4 Bd6c7
13.Bc1b2 Bc8f5
14.Bd3xe4 Nf6xe4
15.Nc3xe4 Bf5xe4
16.Qc2c3 Be4xf3
17.gxf3 Qd8g5
18.Kh1 Re8e6
19.f4 Qg5h5
{ resign }
0-1

[Event "Tourn. n8357"]
[Site "www.chess-mail.com"]
[Date "2015.08.20"]
[Round "1"]
[White "Mitja"]
[Black "Bojan"]
[WhiteElo "1810"]
[BlackElo "1920"]
[Result "1-0"]
[Round "1"]
1.d4 d5
2.e3 a6
3.h3 e6
4.Ng1f3 Bc8d7
5.c3 c5
6.dxc5 Bf8xc5
7.Nb1d2 Ng8f6
8.Nd2b3 Bc5d6
9.Bf1e2 e5
10.c4 Bd6b4
11.Bc1d2 Qd8b6
12.O-O dxc4
13.Be2xc4 e4
14.Nf3d4 Nb8c6
15.Nd4xc6 Bd7xc6
16.Bd2xb4 Qb6xb4
17.Bc4e2 Ra8d8
18.Qd1c2 O-O
19.Rf1d1 Rd8d6
20.Rd1xd6 Qb4xd6
21.Ra1d1 Qd6e5
22.Nb3d4 Bc6d7
23.Be2f1 Qe5g5
24.Kh1 Rf8c8
25.Qc2b3 b5
26.Nd4e2 Bd7e6
27.Qb3a3 Rc8a8
28.Ne2g3 h6
29.b3 Qg5e5
30.Kg1 Nf6d5
31.Ng3e2 a5
32.Ne2d4 Nd5c3
33.Rd1c1 b4
34.Qa3b2 Ra8f8
35.Nd4e2 Nc3xe2
36.Qb2xe2 Qe5g5
37.Kh1 Be6d7
38.Qe2d1 Rf8d8
39.Qd1e1 Bd7b5
40.Bf1xb5 Qg5xb5
41.Rc1c4 f5
42.Kg1 Kh7
43.Qe1e2 Kg6
44.g3 Kf6
45.f4 g6
46.Kf2 Rd8d3
47.g4 a4
48.Qe2b2 Ke6
49.Qb2g7 Qb5e8
50.gxf5 gxf5
51.Qg7e5 Kf7
52.Qe5xf5 Kg8
53.Rc4xe4 Qe8c6
54.Re4e8 Qc6xe8
55.Qf5xd3 Qe8c6
56.bxa4 Qc6xa4
57.Qd3b3 Qa4xb3
58.axb3 { resign }
1-0

[Event "Tourn. n8340"]
[Site "www.chess-mail.com"]
[Date "2015.08.20"]
[Round "1"]
[White "Karousek"]
[Black "Heiserman"]
[WhiteElo "2250"]
[BlackElo "2250"]
[Result "1-0"]
[Round "1"]
1.Ng1f3 Ng8f6
2.c4 c5
3.d4 b5
4.cxb5 a6
5.bxa6 Bc8xa6
6.d5 d6
7.Nb1c3 Qd8a5
8.Bc1d2 g6
9.e4 Nb8d7
10.a4 Ba6xf1
11.Kxf1 Bf8g7
12.g3 O-O
13.Kg2 Nf6g4
14.h4 Ng4e5
15.Nf3xe5 Nd7xe5
16.h5 Ne5c4
17.hxg6 fxg6
18.Qd1g4 Nc4xd2
19.Qg4e6 Rf8f7
20.Rh1xh7 Ra8f8
21.Ra1h1 Nd2f3
22.Qe6xg6 Nf3e5
23.Rh7h8 { resign }
1-0

[Event "Tourn. n8328"]
[Site "www.chess-mail.com"]
[Date "2015.08.20"]
[Round "1"]
[White "Hansen"]
[Black "Alessiov"]
[WhiteElo "1510"]
[BlackElo "1610"]
[Result "0-1"]
[Round "1"]
1.e3 g6
2.f4 Bf8g7
3.Ng1f3 d6
4.d4 f5
5.Nb1c3 a6
6.Bf1c4 Ng8f6
7.h3 e6
8.O-O O-O
9.h4 Qd8e7
10.g3 c5
11.a4 Nf6e4
12.Nc3xe4 fxe4
13.Nf3g5 cxd4
14.exd4 d5
15.Bc4b3 Nb8c6
16.c3 Qe7f6
17.h5 Nc6e7
18.hxg6 Qf6xg6
19.g4 h6
20.Ng5h3 e5
21.dxe5 Bc8xg4
22.Qd1e1 Bg4xh3
23.Kf2 Qg6g2
24.Ke3 Ne7f5

0-1